| 000 | 00614nam a2200205Ia 4500 | ||
|---|---|---|---|
| 003 | LDD | ||
| 005 | 20240209080336.0 | ||
| 008 | 181101s9999 xx 000 0 und d | ||
| 020 | _c100.00 | ||
| 040 | _cLDD | ||
| 100 |
_aAdeeb, Masood Hasan Rizvi _919236 |
||
| 245 | 0 |
_aHamari shairi ( ہماری شائری ) _cMasood Hasan Rizvi Adeeb (مسعود حسن رضوی) |
|
| 260 |
_aAligarh _bEducational Book House _c2016 |
||
| 300 | _a254p. | ||
| 650 | _2Urdu | ||
| 901 |
_a15919 _b16-03-2017 |
||
| 902 |
_a2839 _b16-03-2017 _cF _dPIBD _e8U |
||
| 903 |
_a20 _bReqst by : Mohd. |
||
| 942 |
_2ddc _cUR |
||
| 999 |
_c41 _d41 |
||